000 00565nam a22001697a 4500
005 20251108163343.0
008 250721s1994 xx 000 0 ara d
082 1 4 _a210.4301425/لحا
100 1 _aاللحام، صالح بن عثمان
245 1 0 _aالحب في الإسلام :
_bمختصر روضة المحبين في نزهة المشتاقين لابن قيم الجوزية /
264 1 _aعمان :
_bدار الحسن،
_c1994.
300 _a64ص.
650 1 7 _aالإسلام
650 1 7 _aالحب(عواطف)
942 _2ddc
_cBK
999 _c545
_d545